000 02384cam a2200541Ii 4500
001 sjds1327863
003 sjds
005 20200712102931.0
008 160922s2017 txua a 000 0 eng d
020 _a1941026702
_q(board book)
020 _a9781941026700
_q(board book)
035 _a(OCoLC)959035853
035 _a(OCoLC)ocn959035853
035 _a1321366
040 _aYDX
_beng
_erda
_cYDX
_dBDX
_dNFG
_dSAP
_dYVR
_dT3B
_dOCLCF
_dIFA
041 1 _aeng
_aspa
_heng
049 _aIFAA
099 _f2017
100 1 _aWeill, Cynthia,
_eauthor.
245 1 0 _aCount me in! :
_ba parade of Mexican folk art numbers in English and Spanish /
_cCynthia Weill ; ceramics by the Aguilar sisters: Guillermina, Josefina, Irene and Concepción.
246 3 0 _aParade of Mexican folk art numbers in English and Spanish
260 _a[El Paso, TX] :
_bCinco Puntos Press,
_c2017.
264 1 _a[El Paso, TX] :
_bCinco Puntos Press,
_c2017.
300 _a1 volume (unpaged) :
_bcolor illustrations ;
_c20 cm.
336 _atext
_btxt
_2rdacontent
336 _astill image
_bsti
_2rdacontent
337 _aunmediated
_bn
_2rdamedia
338 _avolume
_bnc
_2rdacarrier
500 _aCover title.
500 _aOn board pages.
520 _aFigurines representing participants in the parade at the Guelaguetza festival held in Oaxaca, Mexico, introduce the numbers from one to ten in English and Spanish.
520 _aLas figuritas representan los participantes en un desfile del festival Guelaguetza en Oaxaca, México, introducen los números de uno a diez en inglés y español.
546 _aParallel text in English and Spanish.
586 _aA Junior Library Guild selection.
650 0 _aCounting
_vJuvenile literature.
650 7 _aContar (Enumerar)
_vLiteratura juvenil.
_2bidex
650 0 _aNumerals
_vJuvenile literature.
650 7 _aNúmeros
_vLiteratura juvenil.
_2bidex
650 0 _aParades
_vJuvenile literature.
650 7 _aDesfiles
_vLiteratura juvenil.
_2bidex
650 0 _aSpanish language materials
_xBilingual
_vJuvenile literature.
650 7 _aMateriales bilingües en español
_vLiteratura juvenil.
_2bidex
700 1 _aAguilar, Guillermina,
_eartist.
700 1 _aAguilar, Josefina
_q(Aguilar Alcántara),
_eartist.
700 1 _aAguilar, Irene
_q(Aguilar Alcántara),
_eartist.
700 1 _aAguilar, Concepción,
_eartist.
942 _cBK
999 _c20728
_d20728